La stylistique (notice n° 2197561)
[ vue normale ]
| 000 -LEADER | |
|---|---|
| fixed length control field | 00729cam a2200133 4500500 |
| 005 - DATE AND TIME OF LATEST TRANSACTION | |
| control field | 20260405085432.0 |
| 041 ## - LANGUAGE CODE | |
| Language code of text/sound track or separate title | fre |
| 042 ## - AUTHENTICATION CODE | |
| Authentication code | dc |
| 100 10 - MAIN ENTRY--PERSONAL NAME | |
| Personal name | Gardes Tamine, Joëlle |
| Relator term | author |
| 245 00 - TITLE STATEMENT | |
| Title | La stylistique |
| 260 ## - PUBLICATION, DISTRIBUTION, ETC. | |
| Name of publisher, distributor, etc. | Armand Colin,<br/> |
| Date of publication, distribution, etc. | 2010.<br/> |
| 520 ## - SUMMARY, ETC. | |
| Summary, etc. | Puisant dans la culture littéraire, une méthode de structuration pour l’analyse des phènomènes stylistiques. Les chapitres portent sur la poésie, la prose narrative, le théâtre et la question de l’argumentation. Chacun d’eux comprend un exposé théorique suivi de plusieurs applications destinées à l’illustrer et à l’approfondir. |
| 856 41 - ELECTRONIC LOCATION AND ACCESS | |
| Uniform Resource Identifier | <a href="https://shs.cairn.info/la-stylistique--9782200249304?lang=fr&redirect-ssocas=7080">https://shs.cairn.info/la-stylistique--9782200249304?lang=fr&redirect-ssocas=7080</a> |
Pas d'exemplaire disponible.




Réseaux sociaux